Economic inquiry
| Título anterior: | Western economic journal (Online) |
|---|---|
| Autores Corporativos: | , |
| Formato: | Electrónico Revista |
| Lenguaje: | inglés |
| Publicado: |
[Oxford] :
Oxford University Press on behalf of Western Economic Association International
Hoboken, NJ : Blackwell Publishing, Inc. [Hoboken, NJ] : John Wiley & Sons, Inc. |
| Materias: | |
| Acceso en línea: | Full text available from Research Library: 10/01/1987 to 10/31/2008 |
MARC
| LEADER | 00000nas a2200000 a 4500 | ||
|---|---|---|---|
| 001 | ssj0003655 | ||
| 003 | WaSeSS | ||
| 005 | 20200512172242.0 | ||
| 006 | m d | ||
| 007 | cr n | ||
| 008 | 020207c19749999njuqr pss 0 a0eng c | ||
| 010 | |a 2002238592 | ||
| 015 | |a GBB350699 |2 bnb | ||
| 016 | 7 | |a 2016121-9 |2 DE-600 | |
| 016 | 7 | |a E01260000 |2 DNLM | |
| 016 | 7 | |a 012432750 |2 Uk | |
| 022 | |a 1465-7295 |y 0095-2583 | ||
| 030 | |a ECIND6 | ||
| 035 | |a (WaSeSS)ssj0003655 | ||
| 040 | |a WYU |b eng |c WYU |d IUL |d OCLCQ |d OCL |d OCLCQ |d CUS |d BUF |d OCLCQ |d CIT |d OCLCQ |d UKMGB |d OCLCQ |d OCLCF |d OCLCA |d VT2 |d OCLCO |d EUW |d OCLCQ |d WT2 |d DLC |d OCL |d DLC |d NLE |d UUM |d TOF |d AU@ |d OCLCQ |d WaSeSS | ||
| 042 | |a pcc |a nsdp | ||
| 050 | 1 | 4 | |a HB1 |
| 082 | 0 | 4 | |a 330/.05 |
| 210 | 0 | |a Econ. inq. |b (Online) | |
| 222 | 0 | |a Economic inquiry |b (Online) | |
| 245 | 0 | 0 | |a Economic inquiry |h [electronic resource]. |
| 260 | |a [Oxford] : |b Oxford University Press on behalf of Western Economic Association International | ||
| 260 | 2 | |3 2007- : |a Hoboken, NJ : |b Blackwell Publishing, Inc. | |
| 260 | 3 | |3 <2017-> : |a [Hoboken, NJ] : |b John Wiley & Sons, Inc. | |
| 310 | |a Quarterly | ||
| 362 | 1 | |a Print began in 1974. | |
| 500 | |a Abstracts and table of contents for 1999- also available online. | ||
| 506 | |a License restrictions may limit access. | ||
| 538 | |a Mode of access: World Wide Web. | ||
| 550 | |a Published by Oxford University Press for the Western Economic Association International. | ||
| 588 | 0 | |a Vol. 38, no. 1 (Jan. 2000); title from introductory page (Oxford, viewed June 7, 2002). | |
| 588 | 1 | |a Vol. 40, no. 2 (Apr. 2002). | |
| 650 | 0 | |a Economics |v Periodicals. | |
| 650 | 7 | |a Economics. |2 fast |0 (OCoLC)fst00902116 | |
| 655 | 0 | |a Electronic journals. | |
| 710 | 2 | |a Western Economic Association International. | |
| 710 | 2 | |a Oxford University Press. | |
| 776 | 1 | |t Economic inquiry |x 0095-2583 |w (DLC) 74645463 |w (OCoLC)1794536 | |
| 780 | 0 | 0 | |t Western economic journal (Online) |w (OCoLC)50597893 |
| 853 | 2 | 0 | |8 1 |a v. |b no. |u 4 |v r |i (year) |j (month) |w q |x 01 |y 01,04,07,10 |
| 856 | 4 | 0 | |z Full text available from Research Library: 10/01/1987 to 10/31/2008 |u https://search.proquest.com/publication/48061 |
| 863 | 4 | 1 | |8 1.1 |a 38 |b 1 |i 2000 |j 01 |